Normal view
MARC view
Entry Personal Name
001 - CONTROL NUMBER
- control field: 19006
003 - CONTROL NUMBER IDENTIFIER
- control field: ARRUPE
005 - DATE AND TIME OF LATEST TRANSACTION
- control field: 20150827143227.0
008 - FIXED-LENGTH DATA ELEMENTS
- fixed length control field: 150827|| aca||aabn | a|a d
040 ## - CATALOGING SOURCE
- Original cataloging agency: ARRUPE
- Transcribing agency: ARRUPE
100 ## - HEADING--PERSONAL NAME
- Personal name: Mutua, Makau.
670 ## - SOURCE DATA FOUND
- Source citation: Work cat.: (ARRUPE)0: Mutua, Makau., Human rights NGOs in East Africa :, c2009.